A little princess / (Record no. 3421)

MARC details
000 -LEADER
fixed length control field 00971cam a22002771 4500
001 - CONTROL NUMBER
control field 3421
003 - CONTROL NUMBER IDENTIFIER
control field FISKH
005 - DATE AND TIME OF LATEST TRANSACTION
control field 20251120143232.0
008 - FIXED-LENGTH DATA ELEMENTS--GENERAL INFORMATION
fixed length control field 770415s1938 nyuf j 000 1 eng
010 ## - LIBRARY OF CONGRESS CONTROL NUMBER
LC control number 38027265
035 ## - SYSTEM CONTROL NUMBER
System control number (OCoLC)2890945
040 ## - CATALOGING SOURCE
Original cataloging agency DLC
Transcribing agency NAlf
Modifying agency OCoLC
-- DLC
042 ## - AUTHENTICATION CODE
Authentication code premarc
050 00 - LIBRARY OF CONGRESS CALL NUMBER
Classification number PZ7.B934
Item number S23
100 1# - MAIN ENTRY--PERSONAL NAME
Personal name Burnett, Frances Hodgson,
Dates associated with a name 1849-1924.
245 12 - TITLE STATEMENT
Title A little princess /
Statement of responsibility, etc. by Frances Hodgson Burnett ; Pictures by Tasha Tudor
260 ## - PUBLICATION, DISTRIBUTION, ETC.
Place of publication, distribution, etc. London,
Name of publisher, distributor, etc. Burnett,
Date of publication, distribution, etc. 1963
300 ## - PHYSICAL DESCRIPTION
Extent 240 pages :
Other physical details illustrations ;
Dimensions 22 cm
500 ## - GENERAL NOTE
General note "The Reginald Birch edition."
520 ## - SUMMARY, ETC.
Summary, etc. Sara Crewe, a pupil at Miss Minchin's London school, is left in poverty when her father dies but is later rescued by a mysterious benefactor.
650 ## - SUBJECT ADDED ENTRY--TOPICAL TERM
Topical term or geographic name entry element Boarding School
Form subdivision Children's Literature
700 ## - ADDED ENTRY--PERSONAL NAME
Personal name Tudor, Tasha
Relator term illustrator
906 ## - LOCAL DATA ELEMENT F, LDF (RLIN)
a 7
b cbc
c oclcrpl
d u
e ncip
f 19
g y-gencatlg
942 ## - ADDED ENTRY ELEMENTS (KOHA)
Source of classification or shelving scheme Dewey Decimal Classification
Koha item type Books
Suppress in OPAC No
Holdings
Withdrawn status Lost status Source of classification or shelving scheme Damaged status Not for loan Collection Home library Current library Shelving location Date acquired Total Checkouts Full call number Barcode Date last seen Copy number Price effective from Koha item type
    Dewey Decimal Classification     Fiction Footprints International School Library Network Toul Kork Campus Footprints International School Library Network Toul Kork Campus   03/04/2024   BUR Fic PZ7.B934 FIS00867 03/04/2024 1 03/04/2024 Books
    Dewey Decimal Classification     Fiction Footprints International School Library Network Toul Kork Campus Footprints International School Library Network Toul Kork Campus   03/12/2024   BUR Fic PZ7.B934 2024-0312 04/11/2025 2 03/12/2024 Books